000 00324nam a2200121Ia 4500
008 220120s9999||||xx |||||||||||||| ||und||
100 _aKrous, John, D
245 0 _aAntennas for all applications
250 _a3rd
260 _aTata mcgraw hill company Ltd
_bNew Delhi
_c2006
300 _aXIV,512p
_b0
650 _aHUMANITIES
999 _c132395
_d132395